Statistics for Movies with Numbers in the Title #1

Click here to take the quiz!

General Stats

  • This quiz has been taken 20,535 times
    (16,720 since last reset)
  • The average score is 11 of 20

Answer Stats

ClueMovie% Correct
11 + George ClooneyOcean's Eleven
91%
8 + Eminem8 Mile
83%
40 + Steve CarellThe 40 Year Old Virgin
79%
21 + Channing Tatum21 Jump Street
71%
50 + Drew Barrymore50 First Dates
71%
4 + Hugh GrantFour Weddings and a Funeral
67%
1 + Jack NicholsonOne Flew Over the Cuckoo's Nest
57%
16 + Molly RingwaldSixteen Candles
56%
3 + Tom Selleck3 Men and a Baby
54%
6 + Bruce WillisThe Sixth Sense
53%
13 + Tom HanksApollo 13
51%
60 + Nicolas CageGone in Sixty Seconds
51%
48 + Eddie Murphy48 Hrs.
48%
50 + Dakota JohnsonFifty Shades of Grey
46%
10 + Charlton HestonThe Ten Commandments
40%
47 + Keanu Reeves47 Ronin
32%
5 + Bruce WillisThe Fifth Element
31%
7 + Yul BrynnerThe Magnificent Seven
29%
21 + Benicio Del Toro21 Grams
23%
9 + Bruce WillisThe Whole Nine Yards
17%

Score Distribution

Percentile by Number Answered

Percent of People with Each Score

Your Score History

You have not taken this quiz since the last reset